Sur le Nil avec Champollion : lettres, journaux et dessins inédits de Nestor L'Hôte : premier voyage en Egypte, 1828-1830 /

محفوظ في:

المؤلف الرئيسي: L'Hôte, Nestor, 1804-1842 (مؤلف)

مؤلفون آخرون: Harlé, Diane., Lefebvre, Jean, bibliothécaire.

التنسيق: كتاب

اللغة: French

الموضوعات:

الوسوم: إضافة وسم

لا توجد وسوم, كن أول من يضع وسما على هذه التسجيلة!

رقم الطلب: ( F )DT60 . L56

LEADER 01250namaa2200301 4500
003 OSt
005 20200322145721.0
008 130303s1993 fr ab g b 001 0afre d
952 |0 0  |1 0  |2 lcc  |4 0  |7 1  |9 24881  |a ARCE  |b ARCE  |d 2022-01-25  |l 0  |o ( F )DT60 . L56  |p 1034213  |r 2022-01-25 00:00:00  |w 2022-01-25  |y BK 
999 |c 695  |d 695 
020 |a 2868781144 
040 |c ARCE Library 
043 |a f-ua--- 
050 0 4 |a ( F )DT60 .  |b L56 
100 1 |a L'Hôte, Nestor,  |d 1804-1842,  |e author 
245 1 0 |a Sur le Nil avec Champollion :  |b lettres, journaux et dessins inédits de Nestor L'Hôte : premier voyage en Egypte, 1828-1830 /  |c recueillis par Diane Harlé et Jean Lefebvre ; préface de Christiane Ziegler. 
264 1 |a Orleans-Caen :  |b Editions Paradigme,  |c 1993. 
300 |a 334 pages :  |b illustrations (some color), maps ;  |c 33 cm. 
336 |a text  |b txt  |2 rdacontent 
337 |2 rdamedia  |a unmediated  |b n 
338 |a volume  |b nc  |2 rdacarrier 
504 |a Includes bibliographical references (pages 333-334) and index. 
600 1 0 |a L'Hôte, Nestor,  |d 1804-1842  |x Travel  |z Egypt. 
651 0 |a Egypt  |x Antiquities. 
651 0 |a Egypt  |x Description and travel. 
700 1 |a Harlé, Diane.  |9 31589 
700 1 |a Lefebvre, Jean,  |c  bibliothécaire. 
942 |c BK  |2 lcc